| 000 | 00739cam a2200253 4500 | ||
|---|---|---|---|
| 001 | J84905 | ||
| 008 | 090401t1997 xxu||||| |||| 00| 0 eng d | ||
| 035 | _a(Sirsi) u79318 | ||
| 041 | _aeng | ||
| 050 | _a333.337 | ||
| 110 |
_aKing Sturge and Co. _9305 |
||
| 245 | 4 | _aThe property economy. - June 1997 | |
| 260 |
_aLondon _bKing Sturge and Co. _c1997 |
||
| 300 | _a16p. ; 30cm. | ||
| 350 | _a0 | ||
| 650 | _aINDUSTRIAL MARKET | ||
| 650 | _aPROPERTY-COMMERCIAL PROPERTY-OFFICE PROPERTY-OFFICE PROPERTY MARKET | ||
| 650 | _aPROPERTY MARKET | ||
| 650 | _aPROPERTY-COMMERCIAL PROPERTY-RETAIL PROPERTY-RETAIL PROPERTY MARKET | ||
| 650 | _aSCOTLAND | ||
| 690 | _aPROPERTY-COMMERCIAL PROPERTY | ||
| 942 | _n0 | ||
| 948 | _c01/07/1997 | ||
| 999 |
_c96523 _d96523 |
||